000 00575nam a2200145Ia 4500
008 220216s9999 xx 000 0 und d
100 _aMercy M A
245 0 _aScreening of wild germplasm of rubber (Hevea brasiliensis) for drought tolerance based on chlorophyll and wax content, chlorophyll degradation and membrane stability
260 _bPreprints of papers: International Natural Rubber Conference, 6-8 November 2005, Cochin, India, p.135-144.
650 _aDrought tolerance
650 _aWild germplasm
700 _aJose G
700 _aVarghese Y A
942 _cJS
999 _c68474
_d68474